000 00889nam a2200301Ia 4500
001 Para_9525
003 CHAP
008 220125s2001 xx 000 0 und d
010 _a208199
040 _cCHAP
082 _a632.58 L5
100 _aLiebman, Matt
_9174550
245 _aEcological management of agricultural weed /
_c by Matt Liebman, Charles L. Mohler and Charles P. Staver
260 _aCambridge :
_b Cambridge University Press
300 _a532 p.
503 _aI.241673 (ej.1)
650 _aControl biológico de malas hierbas
_927584
650 _aMalas hierbas
_x ecología
_970017
700 _aMohler, Charles L.
_9174551
700 _aStaver, Charles P.
_9174552
901 _a632.58 L5
902 _aM
905 _a0000002001 mn 0000000000 00
910 _a2001
942 _cPARA
942 _cPARA
_d1
999 _c208199
_d208199